PAST 10 YEARS QUESTION AND ANSWER FORENSIC SCIENCE (Record no. 24568)

MARC details
000 -LEADER
fixed length control field 00283nam a22001217a 4500
003 - CONTROL NUMBER IDENTIFIER
control field SGT
082 ## - DEWEY DECIMAL CLASSIFICATION NUMBER
Classification number 363.25
Item number SIN
100 ## - MAIN ENTRY--PERSONAL NAME
Personal name SINGH, KHUSHAL
245 ## - TITLE STATEMENT
Title PAST 10 YEARS QUESTION AND ANSWER FORENSIC SCIENCE
260 ## - PUBLICATION, DISTRIBUTION, ETC. (IMPRINT)
Place of publication, distribution, etc INDIA
Name of publisher, distributor, etc S.S. PUB.
Year of Publication 2021
300 ## - PAGE DESCRIPTION
No. of Pages 430
942 ## - ADDED ENTRY ELEMENTS (KOHA)
Source of classification or shelving scheme Dewey Decimal Classification
Koha item type Books
Holdings
Withdrawn status Lost status Source of classification or shelving scheme Damaged status Not for loan Home library Current library Date acquired SGTU Total Checkouts Full call number Accession No. (Barcode) Date last seen Bill Date Koha item type
    Dewey Decimal Classification   Not For Loan SGT Science & Social Sciences Library SGT Science & Social Sciences Library 02/08/2023 SGTU   363.25 SIN PS6907 02/08/2023 02/08/2023 Books